000 00221nam a2200097Ia 4500
008 240331s9999 xx 000 0 und d
082 _a297.4
_bBUR
100 _aBurckhardt, T
245 3 _aAn introduction to Sufism
942 _cL
999 _c944
_d944